[Event "EU-chT Seniors 11th"]
[Site "Velden"]
[Date "2009.04.09"]
[Round "5"]
[White "Hurme, Harri M"]
[Black "Durst, Uwe"]
[Result "1-0"]
[WhiteElo "2241"]
[BlackElo "2092"]
[PlyCount "49"]
[EventDate "2009.04.05"]
[EventType "team-swiss"]
[EventRounds "9"]
[EventCountry "AUT"]
[SourceTitle "CBM 129 Extra"]
[Source "ChessBase"]
[SourceDate "2009.05.05"]
[SourceVersion "2"]
[SourceVersionDate "2009.05.20"]
[SourceQuality "1"]

1. d4 f5 2. Nf3 b6 3. g3 Nf6 4. Bg2 Bb7 5. 0-0 e6 6. c4 g6 7. Nc3 Bg7 8. Bf4 0-0 9. Qd2 Re8 10. Bh6 Bh8 11. Rad1 d6 12. d5 e5 13. e4 Bc8 14. Ng5 Ng4 15. Ne6 Bxe6 16. dxe6 Nxh6 17. Qxh6 Bg7 18. Qd2 f4 19. e7 Qd7 20. Qd5+ Kh8 21. Qxa8 Nc6 22. Bh3 Nxe7 23. Bxd7 Rxa8 24. Nd5 Nxd5 25. Rxd5 1-0

[Event "EU-chT Seniors 11th"]
[Site "Velden"]
[Date "2009.04.08"]
[Round "4"]
[White "Durst, Uwe"]
[Black "Lehtosaari, Kalevi"]
[Result "0-1"]
[WhiteElo "2092"]
[BlackElo "2031"]
[PlyCount "100"]
[EventDate "2009.04.05"]
[EventType "team-swiss"]
[EventRounds "9"]
[EventCountry "AUT"]
[SourceTitle "CBM 129 Extra"]
[Source "ChessBase"]
[SourceDate "2009.05.05"]
[SourceVersion "2"]
[SourceVersionDate "2009.05.20"]
[SourceQuality "1"]

1. f4 Nf6 2. Nf3 d5 3. b3 g6 4. Bb2 Bg7 5. e3 0-0 6. Be2 c5 7. 0-0 Nc6 8. Bb5 Bg4 9. Bxc6 bxc6 10. d3 Qc7 11. Nbd2 Nh5 12. Bxg7 Nxg7 13. Qe1 f6 14. h3 Bxf3 15. Rxf3 e5 16. Qf2 Rae8 17. e4 Qd6 18. Rf1 Ne6 19. f5 Nf4 20. fxg6 hxg6 21. Kh2 Kg7 22. g3 Nh5 23. Re1 Rh8 24. Nf1 Rh7 25. Ne3 Reh8 26. Ng2 g5 27. g4 Nf4 28. Nxf4 exf4 29. Kg2 Qd7 30. exd5 Rxh3 31. Rxh3 Qxg4+ 32. Rg3 fxg3 33. Re7+ Kg6 34. Qxg3 Qd1 35. Qe1 Qxc2+ 36. Qe2 Qxe2+ 37. Rxe2 cxd5 38. Rc2 Rc8 39. b4 c4 40. dxc4 dxc4 41. a4 Kf5 42. Kf3 Ke5 43. b5 Kd4 44. Rd2+ Kc5 45. Rd7 c3 46. Ke2 Kb4 47. Kd1 Kxa4 48. Rxa7+ Kxb5 49. Rf7 Rc6 50. Kc2 Kb4 0-1

[Event "Wch Seniors 18th"]
[Site "Bad Zwischenahn"]
[Date "2008.11.03"]
[Round "7"]
[White "Durst, Uwe"]
[Black "Hohler, Peter"]
[Result "1/2-1/2"]
[WhiteElo "2118"]
[BlackElo "2211"]
[PlyCount "37"]
[EventDate "2008.10.28"]
[EventType "swiss"]
[EventRounds "11"]
[EventCountry "GER"]
[SourceTitle "EXT 2009"]
[Source "ChessBase"]
[SourceDate "2008.11.26"]
[SourceVersion "1"]
[SourceVersionDate "2008.11.26"]
[SourceQuality "1"]

1. f4 d5 2. b3 Bg4 3. Bb2 Nd7 4. d3 Ngf6 5. Nd2 e6 6. Ngf3 Bc5 7. d4 Bb4 8. c3 Be7 9. e3 Ne4 10. Be2 f5 11. 0-0 0-0 12. Nxe4 fxe4 13. Ne5 Bxe2 14. Qxe2 Nxe5 15. fxe5 Qd7 16. Qg4 Rxf1+ 17. Rxf1 Rf8 18. Rxf8+ Bxf8 19. Bc1 1/2-1/2

[Event "EU-chT Seniors 10th"]
[Site "Dresden"]
[Date "2008.02.16"]
[Round "6.3"]
[White "Fleuch, Hans Juergen"]
[Black "Durst, Uwe"]
[Result "1/2-1/2"]
[WhiteElo "2126"]
[BlackElo "2159"]
[PlyCount "35"]
[EventDate "2008.02.11"]
[EventType "team-swiss"]
[EventRounds "9"]
[EventCountry "GER"]
[SourceTitle "CBM 122 Extra"]
[Source "ChessBase"]
[SourceDate "2008.03.04"]
[SourceVersion "1"]
[SourceVersionDate "2008.03.04"]
[SourceQuality "1"]
[WhiteTeam "Bahn Sozialwerk"]
[BlackTeam "Niedersachsen"]
[WhiteTeamCountry "GER"]
[BlackTeamCountry "GER"]

1. e4 d6 2. d4 Nf6 3. Nc3 g6 4. Nf3 c6 5. Bd3 Bg4 6. h3 Bxf3 7. Qxf3 Nbd7 8. Ne2 e5 9. c3 Bg7 10. 0-0 0-0 11. Be3 d5 12. exd5 cxd5 13. Qg3 Nh5 14. Qg5 Bf6 15. Qg4 a6 16. Bc2 Bg7 17. dxe5 Nxe5 18. Qb4 1/2-1/2

[Event "EU-chT Seniors 08th"]
[Site "Dresden"]
[Date "2006.02.21"]
[Round "5"]
[White "Betz, Egon"]
[Black "Durst, Uwe"]
[Result "0-1"]
[WhiteElo "2035"]
[BlackElo "2130"]
[PlyCount "90"]
[EventDate "2006.02.17"]
[EventType "team-swiss"]
[EventRounds "8"]
[EventCountry "GER"]
[SourceTitle "CBM 111 Extra"]
[Source "ChessBase"]
[SourceDate "2006.05.09"]
[SourceVersion "1"]
[SourceVersionDate "2006.05.09"]
[SourceQuality "1"]
[WhiteTeam "Kurpfalz"]
[BlackTeam "Niedersachsen"]
[WhiteTeamCountry "GER"]
[BlackTeamCountry "GER"]

1. e4 d6 2. d4 Nf6 3. Nc3 g6 4. Be2 c6 5. Be3 Nbd7 6. Qd2 b5 7. a3 a6 8. h4 h5 9. f3 Bb7 10. Nh3 Qc7 11. Ng5 Bg7 12. Rd1 c5 13. d5 b4 14. Na2 a5 15. a4 Ba6 16. c4 bxc3 17. Nxc3 Ne5 18. Bxa6 Rxa6 19. Nb5 Qd7 20. Qe2 0-0 21. 0-0 Nh7 22. b3 Rc8 23. Rc1 Raa8 24. Rc2 Nf6 25. Bd2 Ne8 26. f4 Ng4 27. f5 Nc7 28. fxg6 fxg6 29. Nxc7 Rxc7 30. Bc3 Bd4+ 31. Bxd4 cxd4 32. Rxc7 Qxc7 33. Qf3 Ne5 34. Qf4 e6 35. Qf6 Re8 36. Nxe6 Qa7 37. Qf4 d3+ 38. Kh1 Qe7 39. Ng5 Rb8 40. Rc1 Rf8 41. Qd2 Ng4 42. Nf3 Qxe4 43. Rc4 Rxf3 44. gxf3 Qxf3+ 45. Kg1 Qg3+ 0-1

[Event "GER-chT Seniors 14th"]
[Site "Sottrum"]
[Date "2005.09.24"]
[Round "7"]
[White "Erhart, Uwe"]
[Black "Durst, Uwe"]
[Result "1/2-1/2"]
[WhiteElo "2126"]
[BlackElo "2105"]
[PlyCount "120"]
[EventDate "2005.09.18"]
[EventType "team-swiss"]
[EventRounds "7"]
[EventCountry "GER"]
[SourceTitle "CBM 108 Extra"]
[Source "ChessBase"]
[SourceDate "2005.11.04"]
[SourceVersion "1"]
[SourceVersionDate "2005.11.04"]
[SourceQuality "1"]

1. e4 d6 2. d4 Nf6 3. Nc3 g6 4. Nf3 c6 5. Be3 Qc7 6. Qd2 b5 7. Bd3 Nbd7 8. Bh6 a6 9. Ne2 Bb7 10. Ng3 c5 11. c3 e5 12. 0-0 Be7 13. a4 c4 14. Bc2 Ng4 15. axb5 axb5 16. Rxa8+ Bxa8 17. Ra1 Bb7 18. Bg7 Rg8 19. Bh6 Bf6 20. Bg5 Ke7 21. h3 Bxg5 22. Qxg5+ Ngf6 23. Nh4 Ke8 24. Rf1 Qb6 25. d5 b4 26. Kh2 b3 27. Bd1 Bc8 28. Be2 Ba6 29. Ra1 Ke7 30. f4 Rh8 31. fxe5 dxe5 32. Nf3 h6 33. Qd2 Bb5 34. Ra3 h5 35. Qg5 h4 36. Nxh4 Qf2 37. Nf3 Kd6 38. Ra1 Nh5 39. Rf1 Qxg3+ 40. Qxg3 Nxg3 41. Kxg3 Ra8 42. Nd2 Ra2 43. Bxc4 Rxb2 44. Bxb5 Rxd2 45. Bxd7 Kxd7 46. Rxf7+ Kd6 47. Rb7 Rd3+ 48. Kh4 Rxc3 49. Rb5 Re3 50. g4 g5+ 51. Kxg5 Rxh3 52. Kg6 Re3 53. g5 Rxe4 54. Rxb3 Kxd5 55. Kg7 Rg4 56. g6 e4 57. Kf6 Kc4 58. Ra3 Kd4 59. g7 Rxg7 60. Kxg7 e3 1/2-1/2

[Event "GER-chT Seniors 14th"]
[Site "Sottrum"]
[Date "2005.09.22"]
[Round "5"]
[White "Csulits, Anton"]
[Black "Durst, Uwe"]
[Result "1-0"]
[WhiteElo "2245"]
[BlackElo "2105"]
[PlyCount "92"]
[EventDate "2005.09.18"]
[EventType "team-swiss"]
[EventRounds "7"]
[EventCountry "GER"]
[SourceTitle "CBM 108 Extra"]
[Source "ChessBase"]
[SourceDate "2005.11.04"]
[SourceVersion "1"]
[SourceVersionDate "2005.11.04"]
[SourceQuality "1"]

1. e4 d6 2. d4 Nf6 3. Nc3 g6 4. Bg5 Bg7 5. e5 dxe5 6. dxe5 Qxd1+ 7. Rxd1 Ng4 8. Nd5 Bxe5 9. f4 Bd6 10. Bxe7 Kd7 11. Bxd6 cxd6 12. Be2 h5 13. Nh3 Re8 14. Kd2 Kd8 15. Ng5 Be6 16. Bxg4 Bxd5 17. Bh3 Nd7 18. Kc1 Nb6 19. Rd2 Kc7 20. Rhd1 Kc6 21. b3 Rad8 22. c4 Be6 23. Bxe6 fxe6 24. Nf7 Rd7 25. Nxd6 Rf8 26. g3 a6 27. Ne4 Rfd8 28. Ng5 Rxd2 29. Rxd2 Re8 30. Nf3 Nd7 31. Kc2 b5 32. cxb5+ axb5 33. Nd4+ Kb6 34. Nxb5 Nf6 35. Nd6 Ra8 36. Kb2 h4 37. Nc4+ Kc5 38. Ne5 hxg3 39. hxg3 g5 40. fxg5 Ne4 41. Rc2+ Kd4 42. Nd7 Rg8 43. Nf6 Nxf6 44. gxf6 Rxg3 45. Rf2 Rg8 46. f7 Rf8 1-0

[Event "GER-chT Seniors 14th"]
[Site "Sottrum"]
[Date "2005.09.18"]
[Round "1"]
[White "Jensen, Helmut"]
[Black "Durst, Uwe"]
[Result "1/2-1/2"]
[WhiteElo "1795"]
[BlackElo "2105"]
[PlyCount "35"]
[EventDate "2005.09.18"]
[EventType "team-swiss"]
[EventRounds "7"]
[EventCountry "GER"]
[SourceTitle "CBM 108 Extra"]
[Source "ChessBase"]
[SourceDate "2005.11.04"]
[SourceVersion "1"]
[SourceVersionDate "2005.11.04"]
[SourceQuality "1"]

1. e4 d6 2. Nc3 Nf6 3. d3 g6 4. g3 Bg7 5. Bg2 c6 6. Nge2 e5 7. 0-0 0-0 8. h3 Be6 9. Be3 d5 10. d4 Nxe4 11. dxe5 Nxc3 12. bxc3 Bxe5 13. Nd4 Qd6 14. f4 Bg7 15. f5 Bd7 16. Bf4 Qc5 17. f6 Bh8 18. Qd2 1/2-1/2

[Event "Merano Gold Cup 33rd"]
[Site "Merano"]
[Date "2005.04.14"]
[Round "6"]
[White "Weinwurm, Wolfgang"]
[Black "Durst, Uwe"]
[Result "1/2-1/2"]
[WhiteElo "2110"]
[BlackElo "2105"]
[PlyCount "68"]
[EventDate "2005.04.09"]
[EventType "swiss"]
[EventRounds "9"]
[EventCountry "ITA"]
[SourceTitle "EXT 2024"]
[Source "ChessBase"]
[SourceDate "2023.10.10"]
[SourceVersion "1"]
[SourceVersionDate "2023.10.10"]
[SourceQuality "1"]

1. e4 d6 2. d4 Nf6 3. Nc3 g6 4. Bg5 c6 5. Qd2 b5 6. Bd3 Qb6 7. Nge2 Nbd7 8. f4 Bg7 9. e5 dxe5 10. fxe5 Nd5 11. Ne4 0-0 12. Bh6 c5 13. Bxg7 Kxg7 14. c3 cxd4 15. cxd4 f6 16. h4 fxe5 17. Ng5 Nf4 18. Be4 Rb8 19. h5 h6 20. hxg6 Nf6 21. Nxf4 hxg5 22. Nh5+ Nxh5 23. Rxh5 Qxd4 24. Rh7+ Kf6 25. Qxd4 exd4 26. 0-0-0 Bf5 27. Bxf5 Kxf5 28. Rxe7 Kxg6 29. Rxd4 Rbc8+ 30. Kd1 Rfd8 31. Red7 Rxd7 32. Rxd7 a5 33. Rd5 Rb8 34. g4 Rb6 1/2-1/2

[Event "Merano Gold Cup 33rd"]
[Site "Merano"]
[Date "2005.04.12"]
[Round "4"]
[White "Durst, Uwe"]
[Black "Hoeschele, Hans Ulrich"]
[Result "1/2-1/2"]
[WhiteElo "2105"]
[BlackElo "2187"]
[PlyCount "83"]
[EventDate "2005.04.09"]
[EventType "swiss"]
[EventRounds "9"]
[EventCountry "ITA"]
[SourceTitle "EXT 2024"]
[Source "ChessBase"]
[SourceDate "2023.10.10"]
[SourceVersion "1"]
[SourceVersionDate "2023.10.10"]
[SourceQuality "1"]

1. f4 c5 2. b3 Qc7 3. e3 Nc6 4. Nf3 d5 5. Bb5 Bd7 6. Bb2 a6 7. Bxc6 bxc6 8. 0-0 f6 9. d3 Nh6 10. Qe1 e6 11. Nbd2 Bd6 12. c4 0-0 13. Rc1 a5 14. a4 Rab8 15. Rb1 Qa7 16. Ba3 Nf7 17. Qg3 e5 18. fxe5 Nxe5 19. Nxe5 Bxe5 20. Qf3 Bc3 21. Rfd1 Be6 22. Nf1 Rfe8 23. Ng3 Be5 24. Ne2 dxc4 25. dxc4 Qc7 26. g3 Bd6 27. Nc3 Bf7 28. Ne4 Bf8 29. Nf2 Qe5 30. e4 Bh5 31. g4 Bg6 32. Re1 Bd6 33. h3 h5 34. Re2 hxg4 35. hxg4 Rbd8 36. Rbe1 Bf7 37. Bb2 Qg3+ 38. Qxg3 Bxg3 39. Kg2 Be5 40. Bxe5 Rxe5 41. Rd1 Rd4 42. Red2 1/2-1/2

[Event "Niedersachsen-ch Seniors 39th"]
[Site "Wingst"]
[Date "2005.03.11"]
[Round "9"]
[White "Piastowski, Kurt"]
[Black "Durst, Uwe"]
[Result "0-1"]
[WhiteElo "2037"]
[BlackElo "2105"]
[PlyCount "100"]
[EventDate "2005.03.03"]
[EventType "swiss"]
[EventRounds "9"]
[EventCountry "GER"]
[SourceTitle "EXT 2006"]
[Source "ChessBase"]
[SourceDate "2005.11.24"]
[SourceVersion "1"]
[SourceVersionDate "2005.11.24"]
[SourceQuality "1"]

1. d4 f5 2. Nf3 Nf6 3. c3 b6 4. g3 Bb7 5. Bg2 e6 6. 0-0 Be7 7. c4 0-0 8. Nc3 Bb4 9. Qb3 Bxc3 10. Qxc3 d6 11. b3 Qe8 12. Nd2 Bxg2 13. Kxg2 Nbd7 14. f3 Qg6 15. Bb2 e5 16. dxe5 dxe5 17. Ba3 Rfe8 18. Rad1 Rad8 19. Rfe1 f4 20. e4 fxg3 21. hxg3 Nh5 22. Nf1 Nf4+ 23. Kf2 Nh3+ 24. Kg2 Ng5 25. Bc1 Ne6 26. Be3 c5 27. Bc1 Rf8 28. Rd6 Nf4+ 29. Bxf4 Qxd6 30. Bc1 Qd4 31. Bb2 Qxc3 32. Bxc3 Kf7 33. Ne3 Ke6 34. Rd1 Nb8 35. Nd5 Nc6 36. f4 Nd4 37. fxe5 Kxe5 38. b4 Rf7 39. bxc5 bxc5 40. Bb2 Rdf8 41. Rd2 Kxe4 42. Nc3+ Ke5 43. Nb5 a6 44. Re2+ Kf6 45. Nxd4 cxd4 46. Bxd4+ Kg5 47. Re5+ Rf5 48. Re6 Ra5 49. Bxg7 Rxa2+ 50. Kh3 Rff2 0-1

[Event "Niedersachsen-ch Seniors 39th"]
[Site "Wingst"]
[Date "2005.03.05"]
[Round "3"]
[White "Ljubarskij, Jurij"]
[Black "Durst, Uwe"]
[Result "1-0"]
[WhiteElo "2348"]
[BlackElo "2105"]
[PlyCount "77"]
[EventDate "2005.03.03"]
[EventType "swiss"]
[EventRounds "9"]
[EventCountry "GER"]
[SourceTitle "EXT 2006"]
[Source "ChessBase"]
[SourceDate "2005.11.24"]
[SourceVersion "1"]
[SourceVersionDate "2005.11.24"]
[SourceQuality "1"]

1. e4 d6 2. d4 Nf6 3. Nc3 g6 4. Be2 c6 5. a4 Qc7 6. Nf3 Bg4 7. 0-0 Nbd7 8. Ng5 Bxe2 9. Qxe2 Bg7 10. f4 e5 11. fxe5 dxe5 12. d5 0-0 13. Rd1 cxd5 14. exd5 a6 15. Be3 h6 16. Nh3 Qd6 17. a5 Rac8 18. Ra4 Nc5 19. Rb4 Nfd7 20. Qd2 Kh7 21. Rh4 f5 22. Bxh6 Rh8 23. Bxg7+ Kxg7 24. Rxh8 Rxh8 25. b4 Ne4 26. Nxe4 fxe4 27. Ng5 Rh5 28. Nxe4 Qe7 29. g3 Rf5 30. c4 Nf6 31. d6 Qf7 32. Nxf6 Qxf6 33. d7 Qd8 34. Qd5 b6 35. axb6 Qxb6+ 36. Qc5 Qd8 37. Qd6 Qg5 38. Re1 Qd8 39. Rxe5 1-0

[Event "Mecklenburg VP-ch Seniors 04th"]
[Site "Plau am See"]
[Date "2004.10.06"]
[Round "3"]
[White "Durst, Uwe"]
[Black "Moschell, Hans Helmut"]
[Result "1/2-1/2"]
[WhiteElo "2090"]
[BlackElo "2204"]
[PlyCount "41"]
[EventDate "2004.10.04"]
[EventType "swiss"]
[EventRounds "9"]
[EventCountry "GER"]
[SourceTitle "EXT 2006"]
[Source "ChessBase"]
[SourceDate "2005.11.24"]
[SourceVersion "1"]
[SourceVersionDate "2005.11.24"]
[SourceQuality "1"]

1. f4 d5 2. b3 Nf6 3. Nf3 g6 4. Bb2 Bg7 5. e3 0-0 6. Be2 c5 7. 0-0 Nc6 8. Bb5 Qb6 9. Bxc6 Qxc6 10. d3 b5 11. a4 a6 12. Nbd2 Bb7 13. Ne5 Qc7 14. Qe2 Nd7 15. Ndf3 f6 16. Nxd7 Qxd7 17. e4 d4 18. axb5 Qxb5 19. Ra4 Bc6 20. Rfa1 Qb6 21. R4a2 1/2-1/2

[Event "GER North-ch Seniors 7th"]
[Site "Bad Bevensen"]
[Date "2004.06.21"]
[Round "3"]
[White "Durst, Uwe"]
[Black "Fahnenschmidt, Gerhard"]
[Result "0-1"]
[WhiteElo "2090"]
[BlackElo "2036"]
[PlyCount "112"]
[EventDate "2004.06.19"]
[EventType "swiss"]
[EventRounds "9"]
[EventCountry "GER"]
[SourceTitle "EXT 2006"]
[Source "ChessBase"]
[SourceDate "2005.11.24"]
[SourceVersion "1"]
[SourceVersionDate "2005.11.24"]
[SourceQuality "1"]

1. f4 Nf6 2. b3 g6 3. Nf3 Bg7 4. Bb2 0-0 5. e3 c5 6. Be2 b6 7. 0-0 Bb7 8. Qe1 d6 9. Qh4 Nbd7 10. d3 e5 11. fxe5 Nd5 12. Qf2 dxe5 13. c4 Nb4 14. a3 Nxd3 15. Bxd3 e4 16. Bxg7 Kxg7 17. Bxe4 Bxe4 18. Nc3 Bxf3 19. Qxf3 Ne5 20. Qe4 Qg5 21. Nd5 Rae8 22. Qf4 Qxf4 23. exf4 Nc6 24. f5 gxf5 25. Rxf5 Re6 26. Raf1 Nd4 27. Rg5+ Rg6 28. Rxg6+ hxg6 29. Rb1 Re8 30. Rb2 Re1+ 31. Kf2 Ra1 32. a4 Ra3 33. Ne7 Kf6 34. Nc8 Nc6 35. Nd6 Nd4 36. Ne4+ Ke5 37. Nd2 f5 38. g3 g5 39. Nf3+ Nxf3 40. Kxf3 Kd4 41. h4 gxh4 42. gxh4 Kc3 43. Rh2 Kxb3 44. h5 Kxc4+ 45. Kf4 Rd3 46. h6 Rd8 47. h7 Rh8 48. Kxf5 Kb4 49. Ke4 Kxa4 50. Ra2+ Kb3 51. Rxa7 b5 52. Rb7 b4 53. Kd5 c4 54. Kc5 Rc8+ 55. Kd4 c3 56. Rg7 c2 0-1

[Event "Bad Bertrich Seniors op 4th"]
[Site "Bad Bertrich"]
[Date "2003.??.??"]
[Round "4"]
[White "Durst, Uwe"]
[Black "Biebinger, Gerhard"]
[Result "1-0"]
[WhiteElo "2080"]
[BlackElo "2340"]
[PlyCount "83"]
[EventDate "2003.12.??"]
[EventType "swiss"]
[EventRounds "9"]
[EventCountry "GER"]
[SourceTitle "EXT 2007"]
[Source "ChessBase"]
[SourceDate "2006.11.23"]
[SourceVersion "1"]
[SourceVersionDate "2006.11.23"]
[SourceQuality "1"]

1. f4 g6 2. Nf3 Bg7 3. c3 b6 4. Qc2 Bb7 5. e4 c5 6. Be2 Nf6 7. d3 0-0 8. 0-0 Nc6 9. Be3 d5 10. Nbd2 Ng4 11. Bf2 Bh6 12. Ng5 Nxf2 13. Rxf2 e6 14. Nh3 d4 15. c4 e5 16. g3 exf4 17. Nxf4 Ne5 18. Raf1 Qd6 19. h3 f6 20. Kh2 Rf7 21. Nf3 Nd7 22. Nh4 Bg5 23. Nhg2 Ne5 24. Qd1 Kg7 25. Bg4 Re8 26. Nd5 h5 27. Be2 h4 28. Ndf4 hxg3+ 29. Kxg3 f5 30. exf5 Rxf5 31. Kh2 Rh8 32. Kg1 Bxf4 33. Nxf4 Rg5+ 34. Kh2 Nf7 35. Rg1 Rxg1 36. Qxg1 g5 37. Qg3 Rh6 38. Nh5+ Kg8 39. Qxd6 Rxd6 40. Nf6+ Kf8 41. Bh5 Ke7 42. Ng8+ 1-0

[Event "Bad Bertrich Seniors op 4th"]
[Site "Bad Bertrich"]
[Date "2003.??.??"]
[Round "2"]
[White "Durst, Uwe"]
[Black "Jentsch, Dieter"]
[Result "1/2-1/2"]
[WhiteElo "2080"]
[BlackElo "2225"]
[PlyCount "21"]
[EventDate "2003.12.??"]
[EventType "swiss"]
[EventRounds "9"]
[EventCountry "GER"]
[SourceTitle "EXT 2007"]
[Source "ChessBase"]
[SourceDate "2006.11.23"]
[SourceVersion "1"]
[SourceVersionDate "2006.11.23"]
[SourceQuality "1"]

1. f4 d5 2. Nf3 Nc6 3. e3 Nf6 4. Bb5 Bd7 5. b3 a6 6. Bxc6 Bxc6 7. Bb2 e6 8. 0-0 Bc5 9. Qe1 Bb5 10. d3 Ng4 11. Bd4 1/2-1/2

[Event "Bad Bertrich Seniors op 4th"]
[Site "Bad Bertrich"]
[Date "2003.??.??"]
[Round "6"]
[White "Durst, Uwe"]
[Black "Schaffarth, Peter"]
[Result "1/2-1/2"]
[WhiteElo "2080"]
[BlackElo "2165"]
[PlyCount "33"]
[EventDate "2003.12.??"]
[EventType "swiss"]
[EventRounds "9"]
[EventCountry "GER"]
[SourceTitle "EXT 2007"]
[Source "ChessBase"]
[SourceDate "2006.11.23"]
[SourceVersion "1"]
[SourceVersionDate "2006.11.23"]
[SourceQuality "1"]

1. f4 Nf6 2. Nf3 b6 3. b3 Bb7 4. e3 e6 5. Bb2 c5 6. Be2 Be7 7. 0-0 0-0 8. Qe1 d5 9. d3 Nc6 10. Qg3 Ne8 11. Nbd2 Bf6 12. Ne5 Nxe5 13. Bxe5 Nd6 14. Bg4 Nf5 15. Qh3 d4 16. Bxf5 exf5 17. exd4 1/2-1/2

[Event "GER-chT Seniors 11th"]
[Site "Bad Segeberg"]
[Date "2002.08.12"]
[Round "7.4"]
[White "Luetje, Juergen"]
[Black "Durst, Uwe"]
[Result "1-0"]
[WhiteElo "2024"]
[BlackElo "2065"]
[PlyCount "125"]
[EventDate "2002.08.06"]
[EventType "team-tourn"]
[EventRounds "7"]
[EventCountry "GER"]
[SourceTitle "EXT 2003"]
[Source "ChessBase"]
[SourceDate "2002.11.25"]
[SourceVersion "1"]
[SourceVersionDate "2002.11.25"]
[SourceQuality "1"]
[WhiteTeam "Brandenburg"]
[BlackTeam "Niedersachsen"]
[WhiteTeamCountry "GER"]
[BlackTeamCountry "GER"]

1. e4 d6 2. d4 Nf6 3. Nc3 g6 4. f4 Bg7 5. Nf3 0-0 6. Be3 c6 7. Bd3 Nbd7 8. h3 Re8 9. 0-0 Qb6 10. Qd2 Qa5 11. e5 dxe5 12. fxe5 Nd5 13. Nxd5 Qxd2 14. Nxe7+ Rxe7 15. Bxd2 c5 16. c3 cxd4 17. cxd4 Nb6 18. Bb4 Re8 19. Ng5 Bh6 20. Bd2 Bd7 21. Rad1 Re7 22. Ne4 Bxd2 23. Rxd2 Bc6 24. g4 Kg7 25. Nd6 Bd5 26. b3 Rd8 27. Bc4 Rdd7 28. g5 a6 29. Kh2 Rc7 30. Rc1 Kf8 31. Rdc2 Be6 32. Kg3 Red7 33. h4 Ke7 34. Kf4 Nd5+ 35. Bxd5 Rxc2 36. Rxc2 Bxd5 37. Rc5 Ke6 38. Rc8 Re7 39. Ke3 Bg2 40. Ne4 Kf5 41. Nf6 Bh1 42. Nxh7 Kg4 43. Nf6+ Kf5 44. Rc1 Bg2 45. Rc2 Bh1 46. Rh2 Bc6 47. d5 Kxe5 48. dxc6 Kd6+ 49. Ne4+ Kxc6 50. Rd2 Kc7 51. Rf2 Kc6 52. Rf6+ Kd5 53. Rd6+ Ke5 54. Kf3 Rc7 55. Rd2 Rc1 56. Re2 Kd4 57. Rd2+ Ke5 58. Nf6 Kf5 59. Rd7 Rc3+ 60. Ke2 Rc2+ 61. Rd2 Rc1 62. a4 Rh1 63. Rd5+ 1-0

[Event "GER-chT Seniors 11th"]
[Site "Bad Segeberg"]
[Date "2002.08.08"]
[Round "3.4"]
[White "Werchan, Hans"]
[Black "Durst, Uwe"]
[Result "0-1"]
[WhiteElo "2134"]
[BlackElo "2065"]
[PlyCount "74"]
[EventDate "2002.08.06"]
[EventType "team-tourn"]
[EventRounds "7"]
[EventCountry "GER"]
[SourceTitle "EXT 2003"]
[Source "ChessBase"]
[SourceDate "2002.11.25"]
[SourceVersion "1"]
[SourceVersionDate "2002.11.25"]
[SourceQuality "1"]
[WhiteTeam "Sachsen Anhalt II"]
[BlackTeam "Niedersachsen"]
[WhiteTeamCountry "GER"]
[BlackTeamCountry "GER"]

1. Nf3 f5 2. g3 b6 3. Bg2 Bb7 4. 0-0 Nf6 5. c4 e6 6. d4 Be7 7. Nc3 0-0 8. Qc2 Qe8 9. b3 d6 10. Bb2 Qh5 11. Rad1 Nbd7 12. d5 e5 13. Bc1 Ng4 14. h3 Nh6 15. Nh2 a6 16. e3 Rae8 17. f4 Bf6 18. Ne2 g5 19. fxg5 Bxg5 20. h4 Bd8 21. Rf2 Nf6 22. Rdf1 Bc8 23. Bh3 Nfg4 24. Rg2 Rf7 25. Nf3 Rg7 26. e4 fxe4 27. Ng5 e3 28. Ne6 Bxe6 29. dxe6 Nf2 30. Rfxf2 exf2+ 31. Rxf2 Bxh4 32. Bxh6 Qxh6 33. Qf5 Bxg3 34. Rg2 Qe3+ 35. Kh1 Ree7 36. Nxg3 Rxg3 37. Rxg3+ Qxg3 0-1

[Event "GER-chT Seniors 11th"]
[Site "Bad Segeberg"]
[Date "2002.08.07"]
[Round "2.4"]
[White "Durst, Uwe"]
[Black "Zunker, Reinhard"]
[Result "0-1"]
[WhiteElo "2065"]
[BlackElo "2200"]
[PlyCount "112"]
[EventDate "2002.08.06"]
[EventType "team-tourn"]
[EventRounds "7"]
[EventCountry "GER"]
[SourceTitle "EXT 2003"]
[Source "ChessBase"]
[SourceDate "2002.11.25"]
[SourceVersion "1"]
[SourceVersionDate "2002.11.25"]
[SourceQuality "1"]
[WhiteTeam "Niedersachsen"]
[BlackTeam "Hessen"]
[WhiteTeamCountry "GER"]
[BlackTeamCountry "GER"]

1. f4 d5 2. b3 Qd6 3. e3 e5 4. fxe5 Qxe5 5. Nc3 c6 6. Nf3 Qc7 7. Bb2 Nf6 8. Qe2 Bb4 9. g3 0-0 10. Bg2 Bg4 11. 0-0-0 Nbd7 12. h3 Bh5 13. g4 Bg6 14. Nh4 Qa5 15. Kb1 Rae8 16. Nxg6 hxg6 17. Qf2 Nc5 18. g5 Bxc3 19. gxf6 Bxb2 20. Kxb2 Ne4 21. Bxe4 dxe4 22. fxg7 Qe5+ 23. Kb1 Kxg7 24. h4 Rh8 25. Rdg1 Rh5 26. Rg4 Rf5 27. Qg2 a5 28. Rg5 a4 29. Rxf5 Qxf5 30. Rf1 Qe5 31. Qf2 f6 32. Qe2 axb3 33. cxb3 Ra8 34. d4 exd3 35. Qxd3 Re8 36. Rg1 Qe4 37. Kc2 Re5 38. b4 Kh6 39. a3 f5 40. Kc3 Qxe3 41. Rg3 Qxd3+ 42. Rxd3 Re7 43. Kc4 Kh5 44. Rd6 Rg7 45. Rd4 Re7 46. Kc5 g5 47. hxg5 Kxg5 48. a4 f4 49. Rd8 Kf5 50. Kd6 Rg7 51. Rf8+ Ke4 52. Re8+ Kd4 53. Rf8 Ke3 54. Re8+ Kf2 55. Ke5 f3 56. Kf4 Kg2 0-1

[Event "GER-chT Seniors 10th"]
[Site "Rheda Wiedenbrueck"]
[Date "2001.08.17"]
[Round "6.3"]
[White "Reinholz, Siegfried"]
[Black "Durst, Uwe"]
[Result "1/2-1/2"]
[WhiteElo "1913"]
[BlackElo "2080"]
[PlyCount "57"]
[EventDate "2001.08.12"]
[EventType "team-tourn"]
[EventRounds "7"]
[EventCountry "GER"]
[SourceTitle "EXT 2002"]
[Source "ChessBase"]
[SourceDate "2001.11.25"]
[SourceVersion "1"]
[SourceVersionDate "2001.11.25"]
[SourceQuality "1"]
[WhiteTeam "Sachsen Anhalt Seniors II"]
[BlackTeam "Niedersachsen Seniors"]
[WhiteTeamCountry "GER"]
[BlackTeamCountry "GER"]

1. e4 d6 2. d4 Nf6 3. Bd3 g6 4. f4 Bg4 5. Nf3 Bg7 6. h3 Bxf3 7. Qxf3 c6 8. c3 Nbd7 9. e5 Nd5 10. exd6 exd6 11. Qe2+ Qe7 12. Qxe7+ Kxe7 13. 0-0 f5 14. Nd2 N7f6 15. Nf3 Rae8 16. Bc4 Kd7 17. Bd2 Ne3 18. Bxe3 Rxe3 19. Rae1 Rhe8 20. Rxe3 Rxe3 21. Kf2 Re7 22. Nd2 b5 23. Bb3 a5 24. a3 Kc7 25. g3 Kb6 26. Re1 Rxe1 27. Kxe1 c5 28. dxc5+ dxc5 29. Be6 1/2-1/2